| 000 | 00948nam a2200253 i 4500 | ||
|---|---|---|---|
| 003 | EG-ScBUE | ||
| 005 | 20231109161629.0 | ||
| 008 | 110815s1984 u f b 000 0cara d | ||
| 017 | _a84 / 3215 | ||
| 040 |
_aEG-ScBUE _bara _erda _cEG-ScBUE _dEG-ScBUE |
||
| 082 | 0 | 4 |
_222 _a297.272092 _bر و ي |
| 100 | 1 |
_917719 _aرويشد، عبد الله بن سعد، _eمؤلف. |
|
| 245 | 1 | 0 |
_aقادة الفكر الإسلامي / _cتأليف عبد الله بن سعد الرويشد. |
| 264 | 1 |
_a[القاهرة] : _bرابطة الأدب الحديث، _c[1984] |
|
| 300 |
_a526 صفحة ؛ _c24 سم |
||
| 336 |
_2rdacontent _aنص _btxt |
||
| 337 |
_aبدون وسيط _2rdamedia _bn |
||
| 338 |
_aمجلد _bnc _2rdacarrier |
||
| 504 | _aيشتمل على إرجاعات ببليوجرافية. | ||
| 650 | 7 |
_926704 _aالعلماء المسلمون _vتراجم. _2BUEsh |
|
| 653 | _cAugust2011 | ||
| 655 | _vReading book | ||
| 942 |
_2ddc _cBB |
||
| 999 |
_c15830 _d15830 |
||